| 000 | 00376 a2200169 4500 | ||
|---|---|---|---|
| 001 | 188121 | ||
| 020 | _a978-85-08-11580-8 | ||
| 040 | _cMagnum | ||
| 100 | _aAzevedo, Ricardo | ||
| 240 | 1 | 0 |
_aContos de adivinhação _lpor |
| 245 | 1 | 0 | _aContos de adivinhação |
| 300 | _a70 | ||
| 362 | 0 | _a2008 | |
| 440 | 1 | _aÁtica | |
| 697 | _aLITERATURA INFANTO-JUVENIL | ||
| 942 | _cBK | ||
| 999 |
_c188121 _d188121 |
||